| 000 | 00518nam a2200193Ia 4500 | ||
|---|---|---|---|
| 003 | GCL | ||
| 008 | 140319s9999 xx 000 0 eng d | ||
| 040 |
_aGCL / _cGCL |
||
| 082 | 0 | 4 |
_a153.4 _bG M |
| 100 | 1 | _aGARNHAM, ALAN | |
| 245 | 1 | 0 |
_aThe mind in action, A personal view of cognitive science / _cGARNHAM, ALAN |
| 260 |
_a[S.N] : _bROUTLEDGE ، _c1991 |
||
| 300 | _a125 p | ||
| 650 | 0 | 4 | _aARTIFICIAL INTELLIGENCE |
| 650 | 0 | 4 | _aCOGNITION |
| 650 | 0 | 4 | _aCOGNITIVE SCIENCE |
| 650 | 0 | 4 | _aINTELLECT |
| 942 |
_2ddc _cBK |
||
| 999 |
_c17578 _d17578 |
||